<?xml version="1.0" encoding="UTF-8"?>
<record
    xmlns:xsi="http://www.w3.org/2001/XMLSchema-instance"
    xsi:schemaLocation="http://www.loc.gov/MARC21/slim http://www.loc.gov/standards/marcxml/schema/MARC21slim.xsd"
    xmlns="http://www.loc.gov/MARC21/slim">

  <leader>01319nam2a22002651  4500</leader>
  <controlfield tag="001">RU\NLR\INFOCOMM17\1000387690</controlfield>
  <controlfield tag="005">20250617143943.0</controlfield>
  <datafield tag="035" ind1=" " ind2=" ">
    <subfield code="a">(NLR Aleph) 002714764</subfield>
  </datafield>
  <datafield tag="090" ind1=" " ind2=" ">
    <subfield code="a">1816428</subfield>
    <subfield code="c">1816428</subfield>
  </datafield>
  <datafield tag="100" ind1=" " ind2=" ">
    <subfield code="a">20040211d1983    |||y0rusy50      ca</subfield>
  </datafield>
  <datafield tag="101" ind1="0" ind2=" ">
    <subfield code="a">rus</subfield>
  </datafield>
  <datafield tag="102" ind1=" " ind2=" ">
    <subfield code="a">RU</subfield>
  </datafield>
  <datafield tag="105" ind1=" " ind2=" ">
    <subfield code="a">y   |||||||||</subfield>
  </datafield>
  <datafield tag="200" ind1="1" ind2=" ">
    <subfield code="a">&#x418;&#x441;&#x43F;&#x43E;&#x43B;&#x44C;&#x437;&#x43E;&#x432;&#x430;&#x43D;&#x438;&#x435; &#x441;&#x430;&#x43C;&#x43E;&#x43B;&#x435;&#x442;&#x43E;&#x432;-&#x43C;&#x435;&#x442;&#x435;&#x43E;&#x43B;&#x430;&#x431;&#x43E;&#x440;&#x430;&#x442;&#x43E;&#x440;&#x438;&#x439; &#x434;&#x43B;&#x44F; &#x438;&#x441;&#x441;&#x43B;&#x435;&#x434;&#x43E;&#x432;&#x430;&#x43D;&#x438;&#x44F; &#x442;&#x440;&#x43E;&#x43F;&#x438;&#x447;&#x435;&#x441;&#x43A;&#x438;&#x445; &#x446;&#x438;&#x43A;&#x43B;&#x43E;&#x43D;&#x43E;&#x432;</subfield>
    <subfield code="f">&#x413;&#x440;&#x430;&#x43A;&#x43E;&#x432;&#x438;&#x447;, &#x412;.&#x424;., &#x412;.&#x412;. &#x418;&#x43F;&#x430;&#x442;&#x43E;&#x432;</subfield>
  </datafield>
  <datafield tag="210" ind1=" " ind2=" ">
    <subfield code="d">1983</subfield>
    <subfield code="a">&#x411;. &#x43C;.</subfield>
  </datafield>
  <datafield tag="461" ind1=" " ind2="0">
    <subfield code="1">001RU\NLR\INFOCOMM17\1000387648</subfield>
    <subfield code="1">2001#$a&#x413;&#x438;&#x434;&#x440;&#x43E;&#x43C;&#x435;&#x442;&#x435;&#x43E;&#x440;&#x43E;&#x43B;&#x43E;&#x433;&#x438;&#x44F;$e&#x41E;&#x431;&#x437;&#x43E;&#x440;. &#x438;&#x43D;&#x444;&#x43E;&#x440;&#x43C;.$i&#x421;&#x435;&#x440;&#x438;&#x44F; "&#x41C;&#x435;&#x442;&#x435;&#x43E;&#x440;&#x43E;&#x43B;&#x43E;&#x433;&#x438;&#x44F;"$f&#x412;&#x41D;&#x418;&#x418; &#x433;&#x438;&#x434;&#x440;&#x43E;&#x43C;&#x435;&#x442;&#x435;&#x43E;&#x440;&#x43E;&#x43B;. &#x438;&#x43D;&#x444;&#x43E;&#x440;&#x43C;. - &#x41C;&#x438;&#x440;&#x43E;&#x432;&#x43E;&#x439; &#x446;&#x435;&#x43D;&#x442;&#x440; &#x434;&#x430;&#x43D;&#x43D;&#x44B;&#x445;$v1983, &#x412;&#x44B;&#x43F;.6</subfield>
    <subfield code="9">1816204</subfield>
    <subfield code="c">&#x41E;&#x431;&#x43D;&#x438;&#x43D;&#x441;&#x43A;</subfield>
    <subfield code="d">1979-</subfield>
    <subfield code="f">&#x412;&#x41D;&#x418;&#x418; &#x433;&#x438;&#x434;&#x440;&#x43E;&#x43C;&#x435;&#x442;&#x435;&#x43E;&#x440;&#x43E;&#x43B;. &#x438;&#x43D;&#x444;&#x43E;&#x440;&#x43C;. - &#x41C;&#x438;&#x440;&#x43E;&#x432;&#x43E;&#x439; &#x446;&#x435;&#x43D;&#x442;&#x440; &#x434;&#x430;&#x43D;&#x43D;&#x44B;&#x445;</subfield>
    <subfield code="i">&#x421;&#x435;&#x440;&#x438;&#x44F; "&#x41C;&#x435;&#x442;&#x435;&#x43E;&#x440;&#x43E;&#x43B;&#x43E;&#x433;&#x438;&#x44F;"</subfield>
    <subfield code="o">&#x41E;&#x431;&#x437;&#x43E;&#x440;. &#x438;&#x43D;&#x444;&#x43E;&#x440;&#x43C;.</subfield>
    <subfield code="t">&#x413;&#x438;&#x434;&#x440;&#x43E;&#x43C;&#x435;&#x442;&#x435;&#x43E;&#x440;&#x43E;&#x43B;&#x43E;&#x433;&#x438;&#x44F;</subfield>
    <subfield code="v">1983, &#x412;&#x44B;&#x43F;.6</subfield>
  </datafield>
  <datafield tag="700" ind1=" " ind2="1">
    <subfield code="a">&#x413;&#x440;&#x430;&#x43A;&#x43E;&#x432;&#x438;&#x447;</subfield>
    <subfield code="b">&#x412;.&#x424;.</subfield>
    <subfield code="4">070</subfield>
  </datafield>
  <datafield tag="701" ind1=" " ind2="1">
    <subfield code="a">&#x418;&#x43F;&#x430;&#x442;&#x43E;&#x432;</subfield>
    <subfield code="b">&#x412;.&#x412;.</subfield>
    <subfield code="4">070</subfield>
  </datafield>
  <datafield tag="801" ind1=" " ind2="1">
    <subfield code="a">RU</subfield>
    <subfield code="b">InfoComm</subfield>
    <subfield code="c">20040211</subfield>
  </datafield>
  <datafield tag="801" ind1=" " ind2="0">
    <subfield code="a">RU</subfield>
    <subfield code="b">NLR</subfield>
    <subfield code="g">PSBO</subfield>
  </datafield>
  <datafield tag="852" ind1=" " ind2=" ">
    <subfield code="a">NLR</subfield>
    <subfield code="j">&#x41F;7/1934</subfield>
  </datafield>
  <datafield tag="942" ind1=" " ind2=" ">
    <subfield code="c">ISSUE</subfield>
  </datafield>
  <datafield tag="980" ind1=" " ind2=" ">
    <subfield code="a">NB</subfield>
  </datafield>
  <datafield tag="980" ind1=" " ind2=" ">
    <subfield code="a">RUSPER</subfield>
  </datafield>
</record>
